000 00406nam a2200181Ia 4500
001 2954
005 20260306144845.0
008 260306t1994||||xx |||||||||||||| ||spa||
041 _aESP
082 _a234.9
_bR83
100 _aRops, Daniel
_eAUT
245 0 _aJesús en su tiempo
260 _c1994
300 _a487 páginas :
_c22 cm.
650 _aGEN
654 _aCHU
942 _cLIB
_dJUS
_fJUS
_2ddc
_n
999 _c2954
_d2954